<?xml version="1.0" encoding="UTF-8"?>
<record
    xmlns:xsi="http://www.w3.org/2001/XMLSchema-instance"
    xsi:schemaLocation="http://www.loc.gov/MARC21/slim http://www.loc.gov/standards/marcxml/schema/MARC21slim.xsd"
    xmlns="http://www.loc.gov/MARC21/slim">

  <leader>00747nam a2200241Ia 4500</leader>
  <controlfield tag="001">230</controlfield>
  <controlfield tag="005">20251203123020.0</controlfield>
  <controlfield tag="008">251203t1990||||xx |||||||||||||| ||spa||</controlfield>
  <datafield tag="020" ind1=" " ind2=" ">
    <subfield code="a">8401612763</subfield>
  </datafield>
  <datafield tag="041" ind1=" " ind2=" ">
    <subfield code="a">ESP</subfield>
  </datafield>
  <datafield tag="082" ind1=" " ind2=" ">
    <subfield code="a">RO 985</subfield>
    <subfield code="b">C91</subfield>
  </datafield>
  <datafield tag="110" ind1=" " ind2=" ">
    <subfield code="a">Plaza &amp; Janes Editores</subfield>
  </datafield>
  <datafield tag="245" ind1=" " ind2="0">
    <subfield code="a">Cr&#xF3;nica de Am&#xE9;rica :</subfield>
    <subfield code="b">Tomos 1-4</subfield>
  </datafield>
  <datafield tag="260" ind1=" " ind2=" ">
    <subfield code="a">Esplugues de Llobregat :</subfield>
    <subfield code="b">Plaza &amp; Janes Editores,</subfield>
    <subfield code="c">1990</subfield>
  </datafield>
  <datafield tag="300" ind1=" " ind2=" ">
    <subfield code="a">763 p&#xE1;ginas :</subfield>
    <subfield code="b"> figuras ;</subfield>
    <subfield code="c"> 30 cm.</subfield>
    <subfield code="e"></subfield>
  </datafield>
  <datafield tag="440" ind1=" " ind2=" ">
    <subfield code="a"></subfield>
    <subfield code="n"></subfield>
    <subfield code="v"></subfield>
  </datafield>
  <datafield tag="500" ind1=" " ind2=" ">
    <subfield code="a">Edici&#xF3;n especial denominada : "Especial Per&#xFA;"</subfield>
  </datafield>
  <datafield tag="505" ind1=" " ind2=" ">
    <subfield code="a">Contiene: Tomo 1: 3900 a. de C.- 1620; Tomo 2: 1620-1852; Tomo 3: 1852-1948; Tomo 4: 1948-1989</subfield>
  </datafield>
  <datafield tag="650" ind1=" " ind2=" ">
    <subfield code="a">GEH</subfield>
  </datafield>
  <datafield tag="653" ind1=" " ind2=" ">
    <subfield code="a">Historia del Per&#xFA;</subfield>
  </datafield>
  <datafield tag="654" ind1=" " ind2=" ">
    <subfield code="a">CTP</subfield>
  </datafield>
  <datafield tag="942" ind1=" " ind2=" ">
    <subfield code="c">LIB</subfield>
    <subfield code="d">JUS</subfield>
    <subfield code="f">TRC</subfield>
    <subfield code="2">ddc</subfield>
    <subfield code="n"></subfield>
  </datafield>
  <datafield tag="999" ind1=" " ind2=" ">
    <subfield code="c">230</subfield>
    <subfield code="d">230</subfield>
  </datafield>
  <datafield tag="952" ind1=" " ind2=" ">
    <subfield code="o">RO 985 C91</subfield>
    <subfield code="p">1085103</subfield>
    <subfield code="8">VEB</subfield>
    <subfield code="t"> 1</subfield>
    <subfield code="7">2</subfield>
    <subfield code="5">1</subfield>
    <subfield code="b">VAB</subfield>
    <subfield code="a">VAB</subfield>
    <subfield code="c">PBC</subfield>
    <subfield code="d">2025-12-03</subfield>
    <subfield code="e">1</subfield>
    <subfield code="r">2025-12-03 17:30:20</subfield>
    <subfield code="l">0</subfield>
    <subfield code="w">2025-12-03</subfield>
    <subfield code="y">LIB</subfield>
    <subfield code="1">0</subfield>
    <subfield code="2">ddc</subfield>
    <subfield code="4">0</subfield>
    <subfield code="0">1</subfield>
  </datafield>
</record>
